Quizzes
Events
Quiz Creation
Community
Videos
Private Events
Remove Ads
Sign In
Join for FREE
Feedback
Dark Mode
Quiz Categories
Sports
Geography
Music
Movies
Television
Just For Fun
Miscellaneous
History
Literature
Language
Science
Gaming
Entertainment
Religion
Holiday
For Kids
Quiz Lab
Recent
Popular Today
Quiz Kudos Today
Editor Picks
Curator Picks
Quizzes by...
Day
Popularity
Type
Ratings
Length
Year
Community
Subscriptions
Recent Discussions
Orange Saloon
Badges
Playlists
Quests
Create
Leaderboards
Showdown
Live 5
Trivia Bingo
Activity
Puzzle Library
Sporcle Events
Private Events
Virtual Trivia
Globe League
Become a Host
Pub Owners
SporcleCon
Opinionation
Our Games
Videos
Blog
Mobile Apps
Partnerships
Remove Ads and Go Orange
Feedback
Science
Computer
Plants
Astronomy
Chemistry
Elements
Math
Animal
Physics
Anatomy
Biology
Geology
General Science
Science
Computer
Plants
Astronomy
Chemistry
Elements
Math
Animal
Physics
Anatomy
Biology
Geology
General Science
Random Quiz
Search Sporcle
×
Quiz Lab
Quiz Lab
Science
Animal
Type in answers that appear in a list
Type in answers that appear in a list
Classic
Best Score? Go Orange.
What Do They Eat? Stats
Can you name the substance that each of these eaters eats?
By
nixdabom
6m
29 Questions
77 Plays
77 Plays
77 Plays
Comments
Comments
Give Quiz Kudos
Give Quiz Kudos
-
- Ratings
hide this ad
Random Order
Randomize order of answers
Randomize order of answers
Replay
Link that replays current quiz
Next Quiz
Link to next quiz in quiz playlist
You Got
0%
They Got
Avg Score
70%
Avg Friend Score
Upgrade to see
Score Distribution
Jump to the score distribution portion of the page
Score
0/29
Timer
06:00
0
Plays Today
If you were a...
...you would eat...
% Correct
Piscivore
fish
90.9%
Carnivore
meat
90.9%
Insectivore
insects
88.3%
Herbivore
plants
88.3%
Nectarivore
nectar
83.1%
Hematophage
blood
81.8%
Frugivore
fruit
81.8%
Fungivore
fungi
81.8%
Bacterivore
bacteria
80.5%
Omnivore
plants and meat
80.5%
Folivore
leaves
79.2%
Graminivore
grass
72.7%
Coprophage
feces
72.7%
Myrmecophage
termites or ants
71.4%
Avivore
birds
71.4%
If you were a...
...you would eat...
% Correct
Spongivore
sea sponges
71.4%
Placentophage
placenta
71.4%
Xylophage
wood
67.5%
Geophage
earthy substances (clay,chalk)
67.5%
Granivore
seeds
66.2%
Molluscivore
mollusks
64.9%
Mucophage
mucus
63.6%
Vermivore
worms
62.3%
Palynivore
pollen
57.1%
Herpetivore
snakes
55.8%
Oophage
eggs
55.8%
Paedophage
children
53.2%
Detritivore
detritus
36.4%
Lepidophage
fish scales
24.7%
Quiz Playlist
Details
Report
Send in Message
Add To Playlist
Classic:
Type in answers that appear in a list
Random Order:
Randomize order of answers
Last Updated: Feb 16, 2017
Quiz Scoreboard
CHALLENGE
Sign Up to Join the Scoreboard
Show All
Scores
Hide
Comments
May contain spoilers
Recently Published
College Basketball Coaching Resumes
by pancakes188
Sports
9m
Billboard Blitz: Fleetwood Mac
by CooCooCachoo
Music
15s
Presidents Visiting Landmarks
by Hejman
History
7m
More to Explore
Quiz From the Vault
Featured Blog Post
Where Did the Easter Bunny Come From?
hide this ad
You Might Also Like...
Tags
Animal Quiz
Food Quiz
eat
Eater
Eating
Today's Top Quizzes in Science
Browse Science
hide this ad
Today's Top Quizzes in Animal
Browse Animal
Top Contributed Quizzes in Science
1
Quick Pick: Radians
2
Quick Pick: 'CI-CJ' Animals
3
The First 100 Digits of Pi
4
Elements In Images
5
One Thing in Common: Science
6
Name the Acid, Base or Salt
7
Science Jokes
8
One Thing in Common: Science III
9
One Thing in Common: Science II
10
One Thing in Common: Animals
Explore More
Trending Topics
NBA
Anime
Marvel
Kpop
Harry Potter
Crossword
Disney
The Office
Puzzle
NFL
Song
WWE
Soccer
Pokémon
Country
hide this ad
More By:
nixdabom
Quiz
Plays
Rating
Category
Featured
Created
5 Letters or Fewer Elements
176,092
4.70
Science
Oct 28, 2009
Word Ladder: Elements
41,319
4.35
Just For Fun
Jul 9, 2011
Word Ladder: Animals II
24,793
4.49
Just For Fun
Jan 28, 2012
Symbols in Writing
2,524
4.06
Language
Nov 16, 2009
Grammar/spelling Errors
2,045
2.40
Language
Nov 27, 2009
Go to Creator's Profile
Score Distribution
Quiz Creator Spotlight
nixdabom
Follow
Send a Message
Quizzes Created
-
Created Quiz Play Count
-
More By This Creator
Popular Quizzes Today
1
Find the US States - No Outlines Minefield
2
Find the Countries of Europe - No Outlines Minefield
3
The Countries of the World
4
Find the US States
5
Risky Map Clicking: Biggest States A-Z
6
US States
7
Popular People in 1961
8
Movies - When Are They Set?
More Science Quizzes
Find the Real Element
Editor's Pick
Trending Quizzes
Risky Map Clicking: Least Populous States A-Z
1-10 Letter G Words
1-10 Letter F Words
Risky Map Clicking: Next State Alphabetically
Risky Map Clicking: Biggest States A-Z
Recently Updated
Leaping Animals
pecheneg
Reality TV Shows (A-Z)
bhenderson79
Rickey Henderson's Hall of Fame Teammates
pecheneg
Champions League XIs: Arsenal
pecheneg
Quick Pick: Celebrities in WWE's Hall of Fame
aduchscher
A-Z Keypad Blitz II
pecheneg
Multiple Oscar Actors
pecheneg
Mystery Phrase Blitz: Oscar 'Best Actors'
pecheneg
F. Scott Fitzgerald Novels
LTH
Pick 3 Villains
ddd62291
Trending Topics
Disney
Anime
Crossword
NBA
Kpop
Harry Potter
Marvel
Soccer
Country
Pokémon
Puzzle
The Office
Song
NFL
WWE
Your Account Isn't Verified!
In order to create a playlist on Sporcle, you need to verify the email address you used during registration. Go to your
Sporcle Settings
to finish the process.
Report this User
Report this user for behavior that violates our
Community Guidelines
.
Details:
Send Report
Go to the Sporcle.com Mobile Site →
Comments